000 01538nam a2200361Ia 4500
001 ebr10603888
003 CaPaEBR
006 m u
007 cr cn|||||||||
008 050202s2005 ilua sb s001 0 eng d
010 _z 2005002625
020 _z9780252030109
020 _z9780252092206
020 _z0252030109 (cloth : alk. paper)
040 _aCaPaEBR
_cCaPaEBR
035 _a(OCoLC)815477942
050 1 4 _aPN1992.8.D6
_bR36 2005eb
082 0 4 _a070.4/3/0973
_222
100 1 _aRaphael, Chad,
_d1966-
245 1 0 _aInvestigated reporting
_h[electronic resource] :
_bmuckrakers, regulators, and the struggle over television documentary /
_cChad Raphael.
260 _aUrbana :
_bUniversity of Illinois Press,
_cc2005.
300 _aviii, 304 p. :
_bill.
490 1 _aThe history of communication
504 _aIncludes bibliographical references (p. [249]-296) and index.
533 _aElectronic reproduction.
_bPalo Alto, Calif. :
_cebrary,
_d2011.
_nAvailable via World Wide Web.
_nAccess may be limited to ebrary affiliated libraries.
650 0 _aDocumentary television programs
_zUnited States
_xHistory and criticism.
650 0 _aTelevision broadcasting of news
_zUnited States.
650 0 _aTelevision broadcasting policy
_zUnited States
_xHistory.
655 7 _aElectronic books.
_2local
710 2 _aebrary, Inc.
830 0 _aHistory of communication.
856 4 0 _uhttp://site.ebrary.com/lib/rucke/Doc?id=10603888
_zAn electronic book accessible through the World Wide Web; click to view
999 _c195763
_d195763